[Event "106th British-ch 2019"]
[Site "Torquay"]
[Date "2019.07.29"]
[Round "3.9"]
[White "Pert, Richard G"]
[Black "Derakhshani, Borna"]
[Result "1-0"]
[WhiteElo "2430"]
[BlackElo "2300"]
[Annotator "NA"]
[PlyCount "67"]
[EventDate "2019.07.27"]
[EventType "swiss"]
[EventCountry "GBR"]
[SourceTitle "playchess.com"]
[Source "ChessBase"]
[SourceQuality "1"]
[TimeControl "40/5400+30:1800+30"]

1. e4 {[%emt 0:00:00]} c6 {[%emt 0:05:12]} 2. c4 {[%emt 0:00:00]} d5 {[%emt 0:00:12]} 3. cxd5 {[%emt 0:00:00]} cxd5 {[%emt 0:00:04]} 4. exd5 {[%emt 0:00:06]} Nf6 {[%emt 0:00:09]} 5. Nc3 {[%emt 0:00:09]} g6 {[%emt 0:00:49]} 6. Bc4 {[%emt 0:02:10]} Bg7 {[%emt 0:00:56]} 7. Nf3 {[%emt 0:03:19]} O-O {[%emt 0:00:35]} 8. O-O {[%emt 0:00:17]} Nbd7 {[%emt 0:05:48]} 9. d3 {[%emt 0:02:25]} Nb6 {[%emt 0:00:12]} 10. Qb3 {[%emt 0:00:31]} Bg4 {[%emt 0:02:32]} 11. Ne5 {[%emt 0:02:06]} Bf5 {[%emt 0:00:11]} 12. Re1 {[%emt 0:02:23]} Rc8 {[%emt 0:01:30]} 13. Be3 {[%emt 0:09:08]} Nh5 {[%emt 0:15:33]} 14. Nf3 {[%emt 0:14:01]} Bg4 {[%emt 0:00:25]} 15. Ng5 {[%emt 0:01:09]} h6 {[%emt 0:07:24]} 16. Nge4 {[%emt 0:22:54]} Nxc4 {[%emt 0:03:36]} 17. dxc4 {[%emt 0:00:15]} f5 {[%emt 0:00:07]} 18. Nd2 {[%emt 0:04:56]} f4 {[%emt 0:00:28]} 19. Bxa7 {[%emt 0:00:06]} f3 {[%emt 0:00:29]} 20. g3 {[%emt 0:01:17]} e5 {[%emt 0:13:24]} 21. Nce4 {[%emt 0:03:40]} Rf5 {[%emt 0:04:57]} 22. Qb6 {[%emt 0:01:52]} Qf8 {[%emt 0:02:18]} 23. Qd6 {[%emt 0:05:46]} Qf7 {[%emt 0:00:19]} 24. Qe6 {[%emt 0:00:06]} Qxe6 {[%emt 0:00:15]} 25. dxe6 {[%emt 0:00:05]} Bf8 {[%emt 0:00:09]} 26. c5 {[%emt 0:05:00]} Ng7 {[%emt 0:01:59]} 27. Nc4 {[%emt 0:00:45]} Ra8 {[%emt 0:01:56]} 28. Ne3 {[%emt 0:06:03]} Bh3 {[%emt 0:00:03]} 29. Nxf5 {[%emt 0:00:47]} gxf5 {[%emt 0:00:24]} 30. Nf6+ {[%emt 0:00:23]} Kh8 {[%emt 0:00:04]} 31. Rxe5 {[%emt 0:00:14]} Be7 {[%emt 0:01:50]} 32. Nd5 {[%emt 0:00:18]} Bg5 {[%emt 0:00:03]} 33. Bb6 {[%emt 0:01:42]} f4 {[%emt 0:00:24]} 34. e7 {[%emt 0:00:33]} 1-0

[Event "106th British-ch 2019"]
[Site "Torquay"]
[Date "2019.07.29"]
[Round "3.10"]
[White "Bates, Richard A"]
[Black "Houska, Jovanka"]
[Result "0-1"]
[WhiteElo "2352"]
[BlackElo "2422"]
[Annotator "TA"]
[PlyCount "46"]
[EventDate "2019.07.27"]
[EventType "swiss"]
[EventCountry "GBR"]
[SourceTitle "playchess.com"]
[Source "ChessBase"]
[SourceQuality "1"]

{[%evp 14,46,24,14,35,27,27,15,11,18,18,23,19,0,0,0,0,0,0,0,-18,-20,0,0,0,0,0,0,0,-29993,-29994,-29994,-29995,-29995,-29996]} 1. d4 d5 2. c4 c6 3. Nf3 Nf6 4. e3 e6 5. Bd3 Nbd7 6. O-O Bd6 7. Nc3 dxc4 8. Bxc4 b5 {D46: Semi-Slav: 5 e3 Nbd7 6 Bd3, Black avoids the Meran} (8... O-O 9. e4 e5 10. Be3 Qe7 11. Bb3 exd4 12. Bxd4 Ne5 13. Nxe5 Bxe5 14. Bxe5 Qxe5 15. f4 Qc5+ 16. Kh1 Be6 17. e5 Rad8 18. Qf3 {1-0 (38) Yilmaz,M (2624)-Baryshpolets,A (2603) Ankara 2018}) 9. Bd3 Bb7 10. e4 {[#] And now e5 would win.} e5 {The position is equal.} 11. dxe5 Nxe5 12. Nxe5 Bxe5 13. f4 Bd4+ 14. Kh1 h5 $1 15. e5 Ng4 16. Ne4 Qh4 {[%csl Gg4][%cal Rh4h2]} 17. h3 $1 c5 {aiming for ...Bxe4.} 18. Bxb5+ ({Not} 18. Nd6+ $2 Kf8 $19) 18... Kf8 19. Qf3 $1 Bxe4 $146 ({Predecessor:} 19... Rb8 20. Qg3 Nf2+ 21. Kh2 Ng4+ 22. Kh1 {½-½ (22) Scharf,W (2011)-Rund,H (1892) GER email 2013}) 20. Qxe4 Rb8 $40 {[%mdl 128] ( -> ...Qg3). Black mounts an attack.} 21. Qd5 $2 {[%mdl 8192] [#]} (21. Qf3 $11) 21... Qg3 $1 {[%csl Gg4][%cal Rg3h2] Black mates.} 22. Qd6+ Kg8 {[%csl Gg4][%cal Rg3h2]} 23. Qxb8+ Kh7 {Accuracy: White = 67%, Black = 80%.} 0-1

[Event "106th British-ch 2019"]
[Site "Torquay"]
[Date "2019.07.29"]
[Round "3.11"]
[White "Rudd, Jack"]
[Black "Gordon, Stephen J"]
[Result "1/2-1/2"]
[WhiteElo "2275"]
[BlackElo "2516"]
[Annotator "ChessBase"]
[PlyCount "48"]
[EventDate "2019.07.27"]
[EventType "swiss"]
[EventCountry "GBR"]
[SourceTitle "playchess.com"]
[Source "ChessBase"]
[SourceQuality "1"]
[TimeControl "40/5400+30:1800+30"]

1. d4 {[%emt 0:00:00]} Nf6 {[%emt 0:03:38]} 2. c4 {[%emt 0:00:00]} e6 {[%emt 0:00:03]} 3. Nf3 {[%emt 0:00:00]} d5 {[%emt 0:03:24]} 4. cxd5 {[%emt 0:00:19]} exd5 {[%emt 0:00:08]} 5. Nc3 {[%emt 0:00:05]} c6 {[%emt 0:00:24]} 6. Bg5 {[%emt 0:00:08]} h6 {[%emt 0:00:55]} 7. Bh4 {[%emt 0:00:20]} Bf5 {[%emt 0:00:21]} 8. e3 {[%emt 0:00:40]} Nbd7 {[%emt 0:00:13]} 9. Bd3 {[%emt 0:00:09]} Bxd3 {[%emt 0:00:37]} 10. Qxd3 {[%emt 0:00:10]} Bd6 {[%emt 0:03:30]} 11. O-O {[%emt 0:00:56]} O-O {[%emt 0:00:11]} 12. Rab1 {[%emt 0:00:07]} a5 {[%emt 0:04:22]} 13. a3 {[%emt 0:00:43]} Re8 {[%emt 0:46:42]} 14. Qc2 {[%emt 0:00:30]} Qe7 15. Bg3 {[%emt 0:00:30]} Bxg3 {[%emt 0:01:00]} 16. hxg3 {[%emt 0:00:30]} Nb6 {[%emt 0:00:30]} 17. Nd2 {[%emt 0:00:30]} Ng4 {[%emt 0:00:30]} 18. Qf5 {[%emt 0:00:30]} Nf6 {[%emt 0:00:30]} 19. Qc2 {[%emt 0:00:30]} Rec8 {[%emt 0:00:30]} 20. b4 {[%emt 0:00:30]} axb4 {[%emt 0:00:30]} 21. axb4 {[%emt 0:00:30]} Ra3 {[%emt 0:00:30]} 22. Ne2 {[%emt 0:00:30]} Rca8 {[%emt 0:00:30]} 23. b5 {[%emt 0:00:30]} Ra2 {[%emt 0:00:30]} 24. Qc1 {[%emt 0:00:30]} Nfd7 {[%emt 0:00:30]} 1/2-1/2

[Event "106th British-ch 2019"]
[Site "Torquay"]
[Date "2019.07.29"]
[Round "3.12"]
[White "Williams, Simon K"]
[Black "Storey, Charles H"]
[Result "1-0"]
[WhiteElo "2468"]
[BlackElo "2261"]
[Annotator "TA"]
[PlyCount "155"]
[EventDate "2019.07.27"]
[EventType "swiss"]
[EventCountry "GBR"]
[SourceTitle "playchess.com"]
[Source "ChessBase"]
[SourceQuality "1"]

{[%evp 9,155,35,44,0,12,2,6,1,14,0,16,18,16,9,19,13,14,10,51,45,62,8,49,0,0,-34,-38,-44,0,-31,0,0,0,0,49,68,80,71,73,36,28,6,51,0,64,66,28,0,54,38,75,67,72,79,75,11,11,12,12,8,16,18,14,21,187,150,158,150,178,168,178,178,175,168,178,178,177,177,259,192,279,177,177,177,178,178,270,265,253,258,231,213,342,346,356,356,268,349,339,339,358,358,358,358,385,380,375,369,342,277,262,124,144,146,146,148,171,160,666,666,751,710,1962,1902,1370,891,1307,1284,4125,4125,1478,589,4137,737,677,664,29979,29980,29984,29985,29985,29983,29984,29985,29985,29977,29971,6168]} 1. d4 g6 2. h4 Nf6 3. Nc3 (3. Bg5 Bg7 4. Nc3 d5 5. Nf3 c6 6. Bxf6 Bxf6 7. e4 Bg4 8. e5 Bg7 9. Be2 Qb6 10. Na4 Qa5+ {1-0 (44) Moradiabadi,E (2586)-Malakhov,V (2694) Dubai 2014}) 3... c5 4. d5 d6 5. e4 Bg7 6. Bb5+ $146 {A40: Unusual replies to 1 d4} ({Predecessor:} 6. Bf4 O-O 7. Qd2 Qb6 8. Rb1 Bd7 9. f3 Na6 10. Bh6 Nc7 11. h5 e6 12. Qg5 Bxh6 13. Qxh6 exd5 {1-0 (37) Tikkanen,H (2527)-Hedman,E (2372) Sweden 2019}) 6... Bd7 (6... Nbd7 {is interesting.} 7. a4 Qa5 8. Bd2 O-O 9. Be2 Qb4) 7. a4 Bxb5 8. axb5 {The position is equal.} Nbd7 9. Nf3 Qb6 10. Nd2 Qc7 11. Nc4 Nb6 12. Ne3 O-O 13. h5 Rfe8 (13... gxh5 $6 14. Nf5 $16) 14. hxg6 fxg6 15. Kf1 (15. f3 $14) 15... Qd7 16. g4 Rf8 17. Kg1 Ne8 18. Qf1 $1 Be5 19. Qh3 {[%csl Gh1][%cal Rh3h7] [#]} Rf7 20. g5 Qxh3 21. Rxh3 Bxc3 22. bxc3 Nc7 23. Ng4 Kf8 24. Rb1 Nc4 25. f4 Ke8 26. Rh4 (26. Ne3 $14 Nb6 27. Ng4) 26... Kd7 (26... a6 $11) 27. Kg2 $1 $14 a6 28. bxa6 b5 (28... Rxa6 $11 29. Kf3 (29. Rxb7 Ra2 $11) 29... b5) 29. Ra1 $1 Ra7 30. Kf3 Rxa6 31. Rxa6 Nxa6 32. Ke2 ({White should try} 32. Ne3 $16) 32... Nc7 $11 33. Kd3 Kc8 34. Ne3 Nb6 35. c4 bxc4+ 36. Nxc4 Nd7 $2 (36... Nxc4 $11 {and Black is okay.} 37. Kxc4 e6) 37. Bb2 Na6 38. Ne3 Nb4+ 39. Kd2 Nb6 40. c3 Na6 {[#]} 41. c4 $1 Nd7 42. Ke2 Nc7 43. f5 Nf8 (43... Ne8 {was necessary.} 44. Rh6 Nf8) 44. Rh1 Ne8 (44... Nd7 {was worth a try.} 45. Rh6 Nf8) 45. Ng4 {Black must now prevent Nh6.} Nd7 46. Rf1 {Strongly threatening fxg6.} Rf8 47. Ke3 gxf5 (47... Kb7 $142 48. Kf4 Nc7) 48. exf5 $18 Nb6 49. Kd3 Rg8 50. f6 exf6 (50... Nxf6 $142 51. gxf6 Rxg4) 51. gxf6 ({Weaker is} 51. Nxf6 Rf8 $16) 51... Nxf6 52. Nxf6 Rg3+ 53. Ke4 Nxc4 54. Bc1 Rg7 55. Bf4 Re7+ 56. Kd3 Nb2+ 57. Kc3 Na4+ 58. Kb3 Nb6 59. Rh1 c4+ 60. Kc2 (60. Kc3 $18 {and White stays clearly on top.}) 60... Re2+ $16 61. Kc3 Rf2 62. Rh4 ({Don't play} 62. Bxd6 $6 Rxf6 63. Be5 Rf3+ 64. Kd4 Rd3+ 65. Ke4 Nxd5 $11) 62... Rf3+ 63. Kd4 {Hoping for Ne8.} Rd3+ $2 (63... c3 $16) 64. Ke4 $18 Rd1 65. Bxd6 Na4 66. Ke5 Re1+ 67. Kf5 Rf1+ 68. Ke6 Re1+ 69. Be5 Nc5+ 70. Kf5 (70. Kf7 $142 {aiming for Bc3.} Rxe5 71. Rxc4) 70... Rc1 71. Ne4 (71. Rxh7 $142 Rf1+ 72. Bf4) 71... Rf1+ 72. Bf4 Nxe4 73. Kxe4 {KRB-KR. White mates.} c3 74. Rxh7 Kd8 75. Rh2 Ra1 76. Rc2 Ra4+ 77. Ke5 Rc4 78. Be3 {Accuracy: White = 50%, Black = 42%.} (78. Bg3 $142 Kd7 79. Be1 Rc8 80. Bxc3 Rc7 81. Kd4 Ke8 82. d6 Rc8 83. Re2+ Kd7 84. Bb4) 1-0

[Event "106th British-ch 2019"]
[Site "Torquay"]
[Date "2019.07.29"]
[Round "3.13"]
[White "Ward, Chris G"]
[Black "Toma, Katarzyna"]
[Result "0-1"]
[WhiteElo "2418"]
[BlackElo "2229"]
[Annotator "NA"]
[PlyCount "60"]
[EventDate "2019.07.27"]
[EventType "swiss"]
[EventCountry "GBR"]
[SourceTitle "playchess.com"]
[Source "ChessBase"]
[SourceQuality "1"]
[TimeControl "40/5400+30:1800+30"]

1. c4 {[%emt 0:06:04]} e5 {[%emt 0:00:01]} 2. g3 {[%emt 0:00:26]} Nf6 {[%emt 0:01:19]} 3. Bg2 {[%emt 0:00:59]} d5 {[%emt 0:03:35]} 4. cxd5 {[%emt 0:00:06]} Nxd5 {[%emt 0:00:05]} 5. Nc3 {[%emt 0:00:09]} Be6 {[%emt 0:00:29]} 6. Nf3 {[%emt 0:03:19]} Nc6 {[%emt 0:02:02]} 7. O-O {[%emt 0:01:55]} Be7 {[%emt 0:00:34]} 8. d4 {[%emt 0:02:59]} Nxc3 {[%emt 0:14:08]} 9. bxc3 {[%emt 0:00:07]} e4 {[%emt 0:00:53]} 10. Ne1 {[%emt 0:24:01]} f5 11. f3 {[%emt 0:00:30]} exf3 {[%emt 0:06:56]} 12. Bxf3 {[%emt 0:00:30]} O-O {[%emt 0:00:30]} 13. Qa4 {[%emt 0:00:30]} Qd7 {[%emt 0:00:30]} 14. Rb1 {[%emt 0:00:30]} Rab8 {[%emt 0:00:30]} 15. Bg2 {[%emt 0:00:30]} b5 {[%emt 0:00:30]} 16. Qc2 {[%emt 0:00:30]} b4 {[%emt 0:00:30]} 17. e3 {[%emt 0:00:30]} bxc3 {[%emt 0:00:30]} 18. Rxb8 {[%emt 0:00:30]} Rxb8 {[%emt 0:00:30]} 19. Qxc3 {[%emt 0:00:30]} Nb4 {[%emt 0:00:30]} 20. Bd2 {[%emt 0:00:30]} Nxa2 {[%emt 0:00:30]} 21. Qa5 {[%emt 0:00:30]} c5 {[%emt 0:00:30]} 22. Nf3 {[%emt 0:00:30]} Rb5 {[%emt 0:00:30]} 23. Ne5 {[%emt 0:00:30]} Rxa5 {[%emt 0:00:30]} 24. Nxd7 {[%emt 0:00:30]} Rb5 {[%emt 0:00:30]} 25. Nxc5 {[%emt 0:00:30]} Bxc5 {[%emt 0:00:30]} 26. dxc5 {[%emt 0:00:30]} Rxc5 {[%emt 0:00:30]} 27. Rb1 {[%emt 0:00:30]} Rc2 {[%emt 0:00:30]} 28. Rb8+ {[%emt 0:00:30]} Kf7 {[%emt 0:00:30]} 29. Rb7+ {[%emt 0:00:30]} Kg6 {[%emt 0:00:30]} 30. Ba5 {[%emt 0:00:30]} Rxg2+ {[%emt 0:00:30]} 0-1

[Event "106th British-ch 2019"]
[Site "Torquay"]
[Date "2019.07.29"]
[Round "3.14"]
[White "Stoyanov, Viktor"]
[Black "Wadsworth, Matthew J"]
[Result "0-1"]
[WhiteElo "2198"]
[BlackElo "2418"]
[Annotator "NA"]
[PlyCount "68"]
[EventDate "2019.07.27"]
[EventType "swiss"]
[EventCountry "GBR"]
[SourceTitle "playchess.com"]
[Source "ChessBase"]
[SourceQuality "1"]
[TimeControl "40/5400+30:1800+30"]

1. c4 {[%emt 0:00:00]} e5 {[%emt 0:00:01]} 2. Nc3 {[%emt 0:00:00]} Bb4 {[%emt 0:00:23]} 3. Nd5 {[%emt 0:00:00]} Be7 {[%emt 0:00:14]} 4. Nf3 {[%emt 0:00:28]} c6 {[%emt 0:00:34]} 5. Nxe7 {[%emt 0:00:59]} Qxe7 {[%emt 0:00:14]} 6. e3 {[%emt 0:01:27]} d6 {[%emt 0:04:35]} 7. d4 {[%emt 0:02:12]} Nf6 {[%emt 0:00:27]} 8. b3 {[%emt 0:01:42]} e4 {[%emt 0:04:14]} 9. Nd2 {[%emt 0:00:20]} a5 {[%emt 0:00:45]} 10. Be2 {[%emt 0:02:44]} h5 {[%emt 0:06:11]} 11. h3 {[%emt 0:06:35]} Na6 {[%emt 0:09:51]} 12. a3 {[%emt 0:01:15]} Nc7 {[%emt 0:00:30]} 13. Bb2 {[%emt 0:00:30]} h4 {[%emt 0:00:30]} 14. Nb1 {[%emt 0:00:30]} Rh6 {[%emt 0:00:30]} 15. Nc3 {[%emt 0:00:30]} Rg6 {[%emt 0:00:30]} 16. Bf1 {[%emt 0:00:30]} Be6 {[%emt 0:00:30]} 17. Qc2 {[%emt 0:00:30]} d5 {[%emt 0:00:30]} 18. cxd5 {[%emt 0:00:30]} Bxd5 {[%emt 0:00:30]} 19. Na4 {[%emt 0:00:30]} Nd7 {[%emt 0:00:30]} 20. Nc5 {[%emt 0:00:30]} b6 {[%emt 0:00:30]} 21. Nxd7 {[%emt 0:00:30]} Kxd7 {[%emt 0:00:30]} 22. Bc3 {[%emt 0:00:30]} Qe6 {[%emt 0:00:30]} 23. Rb1 {[%emt 0:00:30]} b5 {[%emt 0:00:30]} 24. a4 {[%emt 0:00:30]} b4 {[%emt 0:00:30]} 25. Bd2 {[%emt 0:00:30]} Qd6 {[%emt 0:00:30]} 26. Qd1 {[%emt 0:00:30]} Rg5 {[%emt 0:00:30]} 27. Rc1 {[%emt 0:37:33]} Qg6 {[%emt 0:29:48]} 28. Rc5 {[%emt 0:03:27]} Ne6 {[%emt 0:00:06]} 29. Rxd5+ {[%emt 0:02:21]} cxd5 {[%emt 0:02:30]} 30. f4 {[%emt 0:00:50]} exf3 {[%emt 0:03:52]} 31. Qxf3 {[%emt 0:00:06]} Ke7 {[%emt 0:03:20]} 32. e4 {[%emt 0:02:02]} Rg3 {[%emt 0:00:09]} 33. Qf5 {[%emt 0:01:16]} Qxf5 {[%emt 0:00:31]} 34. exf5 {[%emt 0:00:02]} Nxd4 {[%emt 0:00:10]} 0-1

[Event "106th British-ch 2019"]
[Site "Torquay"]
[Date "2019.07.29"]
[Round "3.15"]
[White "Pigott, John C"]
[Black "Merriman, John"]
[Result "1/2-1/2"]
[WhiteElo "2384"]
[BlackElo "2226"]
[Annotator "NA"]
[PlyCount "37"]
[EventDate "2019.07.27"]
[EventType "swiss"]
[EventCountry "GBR"]
[SourceTitle "playchess.com"]
[Source "ChessBase"]
[SourceQuality "1"]
[TimeControl "40/5400+30:1800+30"]

1. c4 {[%emt 0:00:00]} e5 {[%emt 0:02:06]} 2. g3 {[%emt 0:00:09]} c5 {[%emt 0:00:20]} 3. Nc3 {[%emt 0:00:54]} g6 {[%emt 0:00:31]} 4. Bg2 {[%emt 0:00:27]} Bg7 {[%emt 0:01:49]} 5. a3 {[%emt 0:06:07]} a5 {[%emt 0:27:46]} 6. Nf3 {[%emt 0:23:01]} Nc6 {[%emt 0:00:00]} 7. O-O {[%emt 0:00:26]} Nge7 {[%emt 0:00:00]} 8. Ne1 {[%emt 0:01:06]} h5 {[%emt 0:00:00]} 9. d3 {[%emt 0:09:51]} h4 {[%emt 0:00:00]} 10. Ne4 {[%emt 0:02:37]} d6 {[%emt 0:00:00]} 11. Bg5 {[%emt 0:01:44]} f5 {[%emt 0:13:33]} 12. Nc3 {[%emt 0:02:18]} hxg3 {[%emt 0:01:44]} 13. hxg3 {[%emt 0:11:44]} Be6 {[%emt 0:14:00]} 14. Nd5 {[%emt 0:12:04]} Rh5 {[%emt 0:07:45]} 15. Nf3 {[%emt 0:10:00]} Bxd5 {[%emt 0:09:49]} 16. cxd5 {[%emt 0:00:04]} Nd4 {[%emt 0:00:05]} 17. Nxd4 {[%emt 0:02:03]} cxd4 {[%emt 0:00:30]} 18. Qd2 {[%emt 0:00:25]} Kf7 {[%emt 0:02:22]} 19. Bf3 {[%emt 0:02:59]} 1/2-1/2

[Event "106th British-ch 2019"]
[Site "Torquay"]
[Date "2019.07.29"]
[Round "3.16"]
[White "Jones, Steven A"]
[Black "Bradbury, Neil H"]
[Result "1/2-1/2"]
[WhiteElo "2117"]
[BlackElo "2322"]
[Annotator "NA"]
[PlyCount "87"]
[EventDate "2019.07.27"]
[EventType "swiss"]
[EventCountry "GBR"]
[SourceTitle "playchess.com"]
[Source "ChessBase"]
[SourceQuality "1"]
[TimeControl "40/5400+30:1800+30"]

1. d4 {[%emt 0:00:00]} Nf6 {[%emt 0:00:00]} 2. Nf3 {[%emt 0:00:27]} e6 {[%emt 0:00:37]} 3. g3 {[%emt 0:00:41]} b5 {[%emt 0:02:40]} 4. Bg2 {[%emt 0:00:14]} Bb7 {[%emt 0:00:06]} 5. O-O {[%emt 0:00:29]} c5 {[%emt 0:01:00]} 6. Bg5 {[%emt 0:00:06]} cxd4 {[%emt 0:14:40]} 7. Bxf6 {[%emt 0:01:16]} Qxf6 {[%emt 0:13:07]} 8. Nxd4 {[%emt 0:02:50]} Bxg2 {[%emt 0:01:33]} 9. Kxg2 {[%emt 0:00:06]} a6 {[%emt 0:00:14]} 10. c3 {[%emt 0:02:09]} Be7 {[%emt 0:09:32]} 11. Qd3 {[%emt 0:06:59]} O-O {[%emt 0:03:21]} 12. a4 {[%emt 0:14:35]} b4 {[%emt 0:05:51]} 13. a5 {[%emt 0:00:53]} d5 {[%emt 0:02:36]} 14. cxb4 {[%emt 0:13:42]} Bxb4 {[%emt 0:02:40]} 15. Rc1 {[%emt 0:00:08]} Nd7 {[%emt 0:03:07]} 16. e3 {[%emt 0:01:46]} Nc5 {[%emt 0:14:43]} 17. Qc2 {[%emt 0:04:36]} Rac8 {[%emt 0:06:13]} 18. Nc3 {[%emt 0:03:26]} g6 {[%emt 0:04:43]} 19. Qe2 {[%emt 0:20:10]} Bxc3 {[%emt 0:00:45]} 20. Rxc3 {[%emt 0:00:11]} Ne4 {[%emt 0:02:26]} 21. Rxc8 Rxc8 {[%emt 0:00:02]} 22. f3 {[%emt 0:06:19]} e5 {[%emt 0:00:35]} 23. fxe4 {[%emt 0:03:00]} exd4 {[%emt 0:00:12]} 24. exd5 {[%emt 0:00:22]} d3 {[%emt 0:00:17]} 25. Qf1 {[%emt 0:01:37]} Qxb2+ {[%emt 0:05:11]} 26. Kf3 {[%emt 0:00:25]} d2 {[%emt 0:01:43]} 27. Rd1 {[%emt 0:00:37]} Rc1 {[%emt 0:02:35]} 28. Qe2 {[%emt 0:00:14]} Qf6+ {[%emt 0:00:49]} 29. Kg2 {[%emt 0:01:16]} Rxd1 {[%emt 0:00:17]} 30. Qxd1 {[%emt 0:00:06]} Qc3 {[%emt 0:00:25]} 31. Kf2 {[%emt 0:00:36]} Qxa5 {[%emt 0:00:30]} 32. e4 {[%emt 0:00:12]} f5 {[%emt 0:02:15]} 33. Qc2 {[%emt 0:00:00]} fxe4 {[%emt 0:00:12]} 34. Qc8+ {[%emt 0:00:10]} Kg7 {[%emt 0:00:14]} 35. Qd7+ {[%emt 0:00:08]} Kh6 {[%emt 0:00:16]} 36. Qh3+ {[%emt 0:00:10]} Kg7 {[%emt 0:00:07]} 37. Qd7+ {[%emt 0:00:02]} Kf8 {[%emt 0:00:24]} 38. Qc8+ {[%emt 0:02:29]} Ke7 {[%emt 0:01:06]} 39. Qe6+ {[%emt 0:00:07]} Kf8 {[%emt 0:01:19]} 40. Qc8+ {[%emt 0:00:07]} Ke7 {[%emt 0:00:22]} 41. Qe6+ {[%emt 0:30:05]} Kd8 {[%emt 0:07:23]} 42. Qd6+ {[%emt 0:00:00]} Kc8 {[%emt 0:00:08]} 43. Qc6+ {[%emt 0:00:00]} Kd8 {[%emt 0:10:11]} 44. Qd6+ {[%emt 0:00:00]} 1/2-1/2

[Event "106th British-ch 2019"]
[Site "Torquay"]
[Date "2019.07.29"]
[Round "3.17"]
[White "Claridge-Hansen, William"]
[Black "Player, Edmund C"]
[Result "1-0"]
[WhiteElo "2297"]
[BlackElo "2202"]
[Annotator "TA"]
[PlyCount "163"]
[EventDate "2019.07.27"]
[EventType "swiss"]
[EventCountry "GBR"]
[SourceTitle "playchess.com"]
[Source "ChessBase"]
[SourceQuality "1"]

{[%evp 12,163,0,3,25,26,24,10,46,43,70,49,58,49,60,49,49,53,44,51,76,69,92,79,211,217,256,263,254,239,233,235,266,181,171,175,175,172,175,0,0,0,0,0,88,93,89,88,93,85,91,99,106,86,107,103,110,115,115,122,139,81,84,83,130,124,124,114,108,60,60,42,67,16,9,16,18,8,14,8,8,8,8,8,8,8,8,8,308,308,308,308,191,191,691,647,2264,2254,1089,1089,1270,1302,2431,2029,9838,9838,7316,7235,6529,1731,6434,6270,5900,5790,4545,0,4405,4553,1210,1029,692,4160,29963,29963,29971,29973,29974,29975,29975,29975,29975,29975,29975,29974,29980,29981,29981,29982,29985,29986,29986,29985,29985,29986,29986,29987,29987,29987,29987,29988,29988,29989,29989,29982]} 1. c4 ({Predecessor:} 1. Nf3 c5 2. g3 g6 3. c4 Bg7 4. Bg2 {1-0 (29) Galunov,T (2269)-Mishev,L (2128) Primorsko 2016}) 1... c5 2. Nf3 Nc6 3. g3 g6 4. Bg2 Bg7 5. Nc3 e6 6. d4 cxd4 7. Nb5 d6 $146 {Threatening ...e5. A37: Symmetrical English vs ...g6: 4 Bg2 Bg7 5 Nf3} (7... d5 8. cxd5 Qa5+ 9. Nd2 exd5 10. Nd6+ Kf8 11. Nxc8 Rxc8 12. O-O Nge7 13. Nf3 h6 14. h4 Bf6 15. Bd2 Qb6 16. b4 Kg7 17. Rb1 {½-½ (40) Grischuk,A (2766)-So,W (2778) Paris 2018}) 8. Nfxd4 Nxd4 9. Nxd4 a6 {The position is equal.} 10. O-O Ne7 11. b3 O-O 12. Bb2 Qc7 13. Qd2 Rd8 14. Rac1 Bd7 15. Rfd1 Be8 16. h4 Rd7 17. Bh3 Nf5 (17... Nc6 $16 {was necessary.}) 18. Nxf5 $18 {[%mdl 64] Discovered Attack} gxf5 19. Bxg7 Kxg7 20. Qg5+ Kf8 21. Qh6+ Kg8 22. g4 fxg4 23. Bxg4 f5 24. Qxe6+ {[%mdl 64] Double Attack} Kh8 25. Qxf5 $2 (25. Bf3 $18) 25... Rg7 $11 {Strongly threatening ...Bd7.} 26. h5 {aiming for h6.} Bd7 27. Qf6 Qd8 (27... Kg8 $11 28. f3 Bxg4 29. fxg4 Rxg4+ 30. Kh1 Qf7 31. Qxf7+ (31. Qxd6 $2 Qxh5+ 32. Qh2 Rh4 $19) 31... Kxf7) 28. Qxd8+ $16 Rxd8 29. f3 Bxg4 30. fxg4 Rxg4+ {[%mdl 4096] Endgame KRR-KRR} 31. Kf2 Rf8+ 32. Ke3 Re8+ 33. Kf3 Rge4 34. Rc2 R4e6 35. Rd4 Kg7 36. Rg4+ (36. e4 $142) 36... Kh6 37. e4 Re5 38. Rd2 R8e6 39. Rd5 b5 40. cxb5 axb5 41. Rf4 b4 42. Rxe5 (42. Rd4 $14) 42... Rxe5 $14 {KR-KR} 43. Rf6+ Kxh5 44. Rxd6 {Black should prevent Kf4.} Kg5 $1 45. Rd2 h5 $1 46. Rg2+ Kf6 47. Kf4 h4 48. Rh2 Rh5 49. Kg4 Rg5+ $2 {[%mdl 8192]} (49... Ra5 $11) 50. Kxh4 $18 Rg8 51. Rc2 Ke5 52. Rc4 Ra8 $2 (52... Kf4 53. e5+ Kxe5 54. Rxb4 Kd5 55. Rb5+ Kd6) 53. Kg4 Rxa2 {intending ...Rd2.} 54. Kf3 Rh2 55. Rxb4 Rh3+ {[#]} 56. Ke2 $1 {[%cal Re2d2]} Rc3 57. Kd2 Rc8 58. Kd3 Rd8+ 59. Kc3 Rd1 60. Rc4 Rh1 61. Kb4 Rh8 62. Ka3 Ra8+ 63. Kb4 $2 (63. Kb2 $18 {b4 is the strong threat.} Rf8 64. b4) 63... Rb8+ $2 {[%mdl 8192]} (63... Rh8 $11) 64. Kc3 Rh8 65. Kb2 Rg8 66. b4 {[%cal Bb3b4,Bb4b5,Bb5b6][%mdl 32]} Rg3 67. b5 {White mates.} Kd6 68. b6 Rg7 69. Kc3 Rb7 70. Rb4 Kc5 71. Rb1 Kc6 72. Kc4 Kd7 73. Kd5 Kc8 74. e5 Rh7 {[#]} 75. b7+ $1 Kb8 (75... Rxb7 76. Rxb7) 76. Kd6 Rh2 77. e6 Rd2+ 78. Ke7 Re2 79. Kf7 Rf2+ 80. Ke8 Re2 81. e7 Re3 82. Rf1 {Accuracy: White = 73%, Black = 41%.} 1-0